Migračné toky, migračná politika a postoje verejnosti k migrácii v krajinách EÚ na príklade krajín V4 dizertačná práca
Gespeichert in:
| 1. Verfasser: | |
|---|---|
| Körperschaft: | |
| Weitere Verfasser: | |
| Format: | Buch |
| Sprache: | Slowakisch |
| Veröffentlicht: |
Bratislava
2018
|
| Schlagworte: | |
| Tags: |
Keine Tags, Fügen Sie das erste Tag hinzu!
|
MARC
| LEADER | 00000nbm a2200000 4500 | ||
|---|---|---|---|
| 001 | 0247286 | ||
| 005 | 20230227104743.0 | ||
| 041 | 0 | |a slo | |
| 044 | |a SK | ||
| 245 | 1 | 0 | |a Migračné toky, migračná politika a postoje verejnosti k migrácii v krajinách EÚ na príklade krajín V4 |b dizertačná práca |c Nina Galanská ; školiteľ: Ľubomír Čech |
| 264 | 1 | |a Bratislava |c 2018 | |
| 300 | |a 153 s. | ||
| 610 | 2 | 0 | |a migrácia |
| 610 | 2 | 0 | |a politika migračná |
| 610 | 2 | 0 | |a postoje |
| 610 | 2 | 0 | |a porovnanie medzinárodné |
| 610 | 2 | 0 | |a spolupráca medzinárodná |
| 610 | 2 | 0 | |a Vyšehradská štvorka |
| 610 | 2 | 0 | |a Európska únia |
| 100 | 1 | |a Galanská, Nina | |
| 700 | 1 | |a Čech, Ľubomír, 1955- | |
| 710 | 2 | |a Ekonomická univerzita v Bratislave. Fakulta medzinárodných vzťahov | |